| 000 | 00625nam a2200217 u 4500 | ||
|---|---|---|---|
| 005 | 20240803063819.0 | ||
| 008 | 190124s2012 es r 000 0 spa d | ||
| 020 | _a9788475848679 | ||
| 035 | _aUPN01000228603 | ||
| 049 | _aCG | ||
| 050 | 4 |
_aPQ6701 L4.6 _bM4.7 |
|
| 100 | 1 |
_aAlcober, Xavier, _d1956- _942580 |
|
| 245 | 1 | 3 |
_aEl mercader de felicidad : _bla magia de la logística emocional / _cXavier Alcober. |
| 260 |
_aBarcelona, Esp. : _bLaertes, _c2012. |
||
| 300 | _a409 p. | ||
| 440 | 0 | _aCamelot | |
| 650 | 4 |
_aFELICIDAD - _vNOVELA _925108 |
|
| 650 | 4 |
_aNovela española _910814 |
|
| 905 | _aLibro | ||
| 999 |
_c200698 _d200698 |
||